000 00427ntaaa2200181 4500
003 01
005 20251027201939.0
008 0714s1973 ag 01
040 _aAR-BaBN
_bspa
_cAR-BaBN
_eaacr
_dRIC
082 _a245.0000 W15
100 _aWalk, Araminta
_918032
245 _aAs we live
250 _a1 ed.
260 _aMaryland :
_bThe Sun Printing Co.,
_cc1951
300 _axxi, 143 p.
500 _apoemas
942 _cBK
999 _c14179
_d14179